[Event "Deutsche Ländermeisterschaft 2023"]
[Site "Hannover GER"]
[Date "2023.10.05"]
[Round "7"]
[White "Knüdel, Torben"]
[Black "Malinowsky, Levi"]
[Result "1/2-1/2"]
[Termination "normal"]
[Board "3.2"]
[WhiteElo "2275"]
[BlackElo "2151"]
[WhiteClock "00:03:29"]
[BlackClock "00:27:27"]
[WhiteTeam "Niedersachsen"]
[BlackTeam "Schleswig-Holstein"]
[PlyCount "141"]
[WhiteFideId "16208820"]
[BlackFideId "16253094"]
[EventCountry "GER"]
[EventRounds "7"]
[EventType "team-swiss"]
[EventDate "2023.09.30"]

1. e4 {[%clk 01:30:50]} {[%emt 00:00:02]} c5 {[%clk 01:30:56]} {[%emt
00:00:12]} 2. Nf3 {[%clk 01:31:13]} {[%emt 00:00:07]} d6 {[%clk 01:31:15]}
{[%emt 00:00:11]} 3. d4 {[%clk 01:31:26]} {[%emt 00:00:17]} cxd4 {[%clk
01:31:39]} {[%emt 00:00:06]} 4. Nxd4 {[%clk 01:31:50]} {[%emt 00:00:05]} Nf6
{[%clk 01:31:55]} {[%emt 00:00:14]} 5. Nc3 {[%clk 01:32:16]} {[%emt 00:00:04]}
a6 {[%clk 01:32:20]} {[%emt 00:00:06]} 6. a3 {[%clk 01:32:41]} {[%emt
00:00:04]} e5 {[%clk 01:29:27]} {[%emt 00:03:23]} 7. Nf5 {[%clk 01:32:49]}
{[%emt 00:00:23]} Bxf5 {[%clk 01:27:53]} {[%emt 00:02:04]} 8. exf5 {[%clk
01:33:12]} {[%emt 00:00:06]} d5 {[%clk 01:28:07]} {[%emt 00:00:17]} 9. Bg5
{[%clk 01:23:22]} {[%emt 00:10:20]} d4 {[%clk 01:27:47]} {[%emt 00:00:49]} 10.
Bxf6 {[%clk 01:05:53]} {[%emt 00:18:00]} Qxf6 {[%clk 01:26:26]} {[%emt
00:01:51]} 11. Ne4 {[%clk 01:06:11]} {[%emt 00:00:11]} Qxf5 {[%clk 01:15:25]}
{[%emt 00:11:31]} 12. Bd3 {[%clk 01:06:29]} {[%emt 00:00:12]} Qd7 {[%clk
01:12:58]} {[%emt 00:02:56]} 13. f4 {[%clk 00:54:33]} {[%emt 00:12:26]} Nc6
{[%clk 01:00:45]} {[%emt 00:12:43]} 14. f5 {[%clk 00:54:36]} {[%emt 00:00:27]}
O-O-O {[%clk 00:58:58]} {[%emt 00:02:16]} 15. O-O {[%clk 00:51:59]} {[%emt
00:03:07]} Kb8 {[%clk 00:57:51]} {[%emt 00:01:37]} 16. b4 {[%clk 00:50:31]}
{[%emt 00:01:58]} Ne7 {[%clk 00:50:53]} {[%emt 00:07:28]} 17. b5 {[%clk
00:38:54]} {[%emt 00:12:07]} a5 {[%clk 00:47:55]} {[%emt 00:03:27]} 18. b6
{[%clk 00:34:37]} {[%emt 00:04:47]} Nc8 {[%clk 00:43:44]} {[%emt 00:04:41]} 19.
Qd2 {[%clk 00:30:05]} {[%emt 00:05:02]} Nxb6 {[%clk 00:41:15]} {[%emt
00:02:58]} 20. Rfb1 {[%clk 00:28:42]} {[%emt 00:01:53]} Nd5 {[%clk 00:37:33]}
{[%emt 00:04:12]} 21. Qxa5 {[%clk 00:25:10]} {[%emt 00:04:02]} Qc7 {[%clk
00:36:40]} {[%emt 00:01:23]} 22. Rxb7+ {[%clk 00:17:06]} {[%emt 00:08:34]} Kxb7
{[%clk 00:35:38]} {[%emt 00:01:32]} 23. Rb1+ {[%clk 00:15:30]} {[%emt
00:02:06]} Bb4 {[%clk 00:32:01]} {[%emt 00:04:07]} 24. Qa6+ {[%clk 00:07:24]}
{[%emt 00:08:36]} Kb8 {[%clk 00:32:22]} {[%emt 00:00:09]} 25. axb4 {[%clk
00:07:38]} {[%emt 00:00:15]} Qb6 {[%clk 00:31:22]} {[%emt 00:01:30]} 26. Qc4
{[%clk 00:06:23]} {[%emt 00:01:45]} g6 {[%clk 00:22:34]} {[%emt 00:09:19]} 27.
Nc5 {[%clk 00:05:23]} {[%emt 00:01:29]} gxf5 {[%clk 00:21:54]} {[%emt
00:01:10]} 28. Ra1 {[%clk 00:04:57]} {[%emt 00:00:56]} e4 {[%clk 00:19:10]}
{[%emt 00:03:14]} 29. Ra6 {[%clk 00:03:39]} {[%emt 00:01:47]} Qxb4 {[%clk
00:18:05]} {[%emt 00:01:35]} 30. Ra8+ {[%clk 00:03:50]} {[%emt 00:00:20]} Kxa8
{[%clk 00:17:22]} {[%emt 00:01:13]} 31. Qa2+ {[%clk 00:04:14]} {[%emt
00:00:05]} Kb8 {[%clk 00:17:29]} {[%emt 00:00:24]} 32. Na6+ {[%clk 00:04:40]}
{[%emt 00:00:04]} Kb7 {[%clk 00:17:10]} {[%emt 00:00:50]} 33. Nxb4 {[%clk
00:05:05]} {[%emt 00:00:05]} Nxb4 {[%clk 00:17:29]} {[%emt 00:00:11]} 34. Qxf7+
{[%clk 00:04:35]} {[%emt 00:01:00]} Ka8 {[%clk 00:16:02]} {[%emt 00:01:57]} 35.
Qxf5 {[%clk 00:03:25]} {[%emt 00:01:40]} Nxd3 {[%clk 00:14:59]} {[%emt
00:01:33]} 36. Qxe4+ {[%clk 00:03:47]} {[%emt 00:00:07]} Ka7 {[%clk 00:15:01]}
{[%emt 00:00:29]} 37. Qxd3 {[%clk 00:04:10]} {[%emt 00:00:07]} Kb6 {[%clk
00:14:43]} {[%emt 00:00:48]} 38. h3 {[%clk 00:04:17]} {[%emt 00:00:23]} h5
{[%clk 00:13:28]} {[%emt 00:01:45]} 39. Qc4 {[%clk 00:03:19]} {[%emt 00:01:28]}
h4 {[%clk 00:11:13]} {[%emt 00:02:44]} 40. Qb4+ {[%clk 00:03:36]} {[%emt
00:00:13]} Kc6 {[%clk 00:11:07]} {[%emt 00:00:36]} 41. Qc4+ {[%clk 00:00:36]}
{[%emt 00:03:31]} Kb6 {[%clk 00:11:29]} {[%emt 00:00:08]} 42. Kh2 {[%clk
00:28:04]} {[%emt 00:03:02]} Kb7 {[%clk 00:40:08]} {[%emt 00:01:51]} 43. Qc5
{[%clk 00:26:23]} {[%emt 00:02:10]} Ka6 {[%clk 00:39:09]} {[%emt 00:01:29]} 44.
Qc6+ {[%clk 00:26:01]} {[%emt 00:00:51]} Ka7 {[%clk 00:38:48]} {[%emt
00:00:52]} 45. Qb5 {[%clk 00:26:14]} {[%emt 00:00:17]} Rhg8 {[%clk 00:36:57]}
{[%emt 00:02:21]} 46. Qc5+ {[%clk 00:19:46]} {[%emt 00:06:58]} Kb8 {[%clk
00:35:57]} {[%emt 00:01:30]} 47. Qe5+ {[%clk 00:19:06]} {[%emt 00:01:10]} Kc8
{[%clk 00:35:42]} {[%emt 00:00:46]} 48. Qf5+ {[%clk 00:16:06]} {[%emt
00:03:29]} Rd7 {[%clk 00:34:04]} {[%emt 00:02:09]} 49. Qc5+ {[%clk 00:12:38]}
{[%emt 00:03:57]} Rc7 {[%clk 00:33:42]} {[%emt 00:00:52]} 50. Qd5 {[%clk
00:12:35]} {[%emt 00:00:33]} Rcg7 {[%clk 00:32:23]} {[%emt 00:01:49]} 51. g4
{[%clk 00:08:21]} {[%emt 00:04:43]} hxg3+ {[%clk 00:32:40]} {[%emt 00:00:13]}
52. Kg2 {[%clk 00:08:44]} {[%emt 00:00:07]} Kb8 {[%clk 00:29:33]} {[%emt
00:03:37]} 53. Qxd4 {[%clk 00:09:00]} {[%emt 00:00:14]} Rc7 {[%clk 00:26:02]}
{[%emt 00:04:01]} 54. Qb6+ {[%clk 00:08:58]} {[%emt 00:00:32]} Rb7 {[%clk
00:25:14]} {[%emt 00:01:18]} 55. Qd6+ {[%clk 00:09:16]} {[%emt 00:00:13]} Rc7
{[%clk 00:25:08]} {[%emt 00:00:36]} 56. h4 {[%clk 00:05:47]} {[%emt 00:03:58]}
Rgc8 {[%clk 00:24:54]} {[%emt 00:00:44]} 57. h5 {[%clk 00:05:09]} {[%emt
00:01:09]} Kb7 {[%clk 00:24:59]} {[%emt 00:00:25]} 58. Qb4+ {[%clk 00:03:17]}
{[%emt 00:02:21]} Ka7 {[%clk 00:25:05]} {[%emt 00:00:25]} 59. Qa5+ {[%clk
00:03:39]} {[%emt 00:00:06]} Kb7 {[%clk 00:25:15]} {[%emt 00:00:22]} 60. Qb5+
{[%clk 00:04:04]} {[%emt 00:00:05]} Ka7 {[%clk 00:25:37]} {[%emt 00:00:08]} 61.
Qa5+ {[%clk 00:04:30]} {[%emt 00:00:04]} Kb7 {[%clk 00:25:30]} {[%emt
00:00:37]} 62. Qb5+ {[%clk 00:04:56]} {[%emt 00:00:04]} Ka7 {[%clk 00:25:47]}
{[%emt 00:00:13]} 63. Qa4+ {[%clk 00:05:21]} {[%emt 00:00:04]} Kb7 {[%clk
00:25:58]} {[%emt 00:00:19]} 64. Qb4+ {[%clk 00:05:47]} {[%emt 00:00:05]} Ka7
{[%clk 00:26:21]} {[%emt 00:00:07]} 65. Qa4+ {[%clk 00:06:13]} {[%emt
00:00:03]} Kb7 {[%clk 00:26:41]} {[%emt 00:00:10]} 66. Qe4+ {[%clk 00:06:38]}
{[%emt 00:00:04]} Ka7 {[%clk 00:26:52]} {[%emt 00:00:21]} 67. Qd4+ {[%clk
00:04:49]} {[%emt 00:02:18]} Kb7 {[%clk 00:26:54]} {[%emt 00:00:28]} 68. Qd5+
{[%clk 00:04:22]} {[%emt 00:00:57]} Ka7 {[%clk 00:26:56]} {[%emt 00:00:29]} 69.
Qd4+ {[%clk 00:03:44]} {[%emt 00:01:06]} Kb7 {[%clk 00:27:13]} {[%emt
00:00:14]} 70. Qd5+ {[%clk 00:03:46]} {[%emt 00:00:28]} Ka7 {[%clk 00:27:27]}
{[%emt 00:00:16]} 71. Qa5+ {[%clk 00:03:29]} {[%emt 00:00:45]} 1/2-1/2

[Event "Deutsche Ländermeisterschaft 2023"]
[Site "Hannover GER"]
[Date "2023.10.05"]
[Round "7"]
[White "Guo, Philipp Ziming"]
[Black "von Mettenheim, Johannes"]
[Result "0-1"]
[Termination "normal"]
[Board "3.3"]
[WhiteElo "1985"]
[BlackElo "2323"]
[WhiteClock "00:04:01"]
[BlackClock "00:03:43"]
[WhiteTeam "Schleswig-Holstein"]
[BlackTeam "Niedersachsen"]
[PlyCount "76"]
[WhiteFideId "16245199"]
[BlackFideId "16244818"]
[EventCountry "GER"]
[EventRounds "7"]
[EventType "team-swiss"]
[EventDate "2023.09.30"]

1. e4 {[%clk 01:30:55]} {[%emt 00:00:04]} c6 {[%clk 01:30:55]} {[%emt
00:00:06]} 2. Nf3 {[%clk 01:31:10]} {[%emt 00:00:14]} d5 {[%clk 01:31:21]}
{[%emt 00:00:04]} 3. d3 {[%clk 01:31:34]} {[%emt 00:00:05]} Qc7 {[%clk
01:31:21]} {[%emt 00:00:30]} 4. Nc3 {[%clk 01:31:15]} {[%emt 00:00:49]} dxe4
{[%clk 01:31:23]} {[%emt 00:00:29]} 5. Nxe4 {[%clk 01:30:25]} {[%emt 00:01:18]}
Nd7 {[%clk 01:11:59]} {[%emt 00:19:54]} 6. Qe2 {[%clk 01:20:06]} {[%emt
00:10:50]} Ngf6 {[%clk 01:11:12]} {[%emt 00:01:17]} 7. g3 {[%clk 01:15:13]}
{[%emt 00:05:22]} Nxe4 {[%clk 01:10:47]} {[%emt 00:00:56]} 8. Qxe4 {[%clk
01:15:33]} {[%emt 00:00:10]} Nf6 {[%clk 01:08:25]} {[%emt 00:02:52]} 9. Qe2
{[%clk 01:14:22]} {[%emt 00:01:40]} Bf5 {[%clk 01:02:21]} {[%emt 00:06:34]} 10.
Bg2 {[%clk 01:12:29]} {[%emt 00:02:23]} e6 {[%clk 01:00:55]} {[%emt 00:01:55]}
11. O-O {[%clk 01:05:29]} {[%emt 00:07:32]} Bd6 {[%clk 00:56:52]} {[%emt
00:04:32]} 12. Nd2 {[%clk 00:59:54]} {[%emt 00:06:05]} O-O {[%clk 00:42:13]}
{[%emt 00:15:09]} 13. Nc4 {[%clk 00:52:30]} {[%emt 00:07:53]} e5 {[%clk
00:42:25]} {[%emt 00:00:18]} 14. Bg5 {[%clk 00:49:05]} {[%emt 00:03:56]} Nd5
{[%clk 00:41:00]} {[%emt 00:01:54]} 15. Ne3 {[%clk 00:38:18]} {[%emt 00:11:17]}
Be6 {[%clk 00:31:14]} {[%emt 00:10:17]} 16. Nxd5 {[%clk 00:38:08]} {[%emt
00:00:39]} cxd5 {[%clk 00:31:33]} {[%emt 00:00:10]} 17. c3 {[%clk 00:37:35]}
{[%emt 00:01:02]} f5 {[%clk 00:29:41]} {[%emt 00:02:23]} 18. Bd2 {[%clk
00:33:56]} {[%emt 00:04:10]} Qf7 {[%clk 00:28:20]} {[%emt 00:01:51]} 19. f4
{[%clk 00:32:29]} {[%emt 00:01:57]} e4 {[%clk 00:28:46]} {[%emt 00:00:05]} 20.
Be3 {[%clk 00:31:46]} {[%emt 00:01:12]} Be7 {[%clk 00:25:59]} {[%emt 00:03:17]}
21. Rfd1 {[%clk 00:28:02]} {[%emt 00:04:13]} Bf6 {[%clk 00:26:17]} {[%emt
00:00:13]} 22. Qf2 {[%clk 00:27:14]} {[%emt 00:01:18]} b6 {[%clk 00:25:54]}
{[%emt 00:00:53]} 23. a4 {[%clk 00:24:28]} {[%emt 00:03:14]} Qc7 {[%clk
00:21:58]} {[%emt 00:04:27]} 24. c4 {[%clk 00:20:20]} {[%emt 00:04:38]} Rad8
{[%clk 00:20:41]} {[%emt 00:01:47]} 25. cxd5 {[%clk 00:20:21]} {[%emt
00:00:29]} Bxd5 {[%clk 00:21:09]} {[%emt 00:00:02]} 26. a5 {[%clk 00:17:53]}
{[%emt 00:02:58]} bxa5 {[%clk 00:15:51]} {[%emt 00:05:48]} 27. Bxa7 {[%clk
00:15:31]} {[%emt 00:02:51]} Qb7 {[%clk 00:11:04]} {[%emt 00:05:18]} 28. Qb6
{[%clk 00:11:05]} {[%emt 00:04:56]} Qf7 {[%clk 00:08:46]} {[%emt 00:02:48]} 29.
Qf2 {[%clk 00:08:46]} {[%emt 00:02:48]} Bb3 {[%clk 00:07:31]} {[%emt 00:01:47]}
30. Rd2 {[%clk 00:08:37]} {[%emt 00:00:38]} a4 {[%clk 00:06:00]} {[%emt
00:02:01]} 31. Bc5 {[%clk 00:08:03]} {[%emt 00:01:03]} exd3 {[%clk 00:05:59]}
{[%emt 00:00:31]} 32. Kh1 {[%clk 00:07:00]} {[%emt 00:01:33]} Rfe8 {[%clk
00:06:22]} {[%emt 00:00:08]} 33. Bb6 {[%clk 00:05:28]} {[%emt 00:02:02]} Rd6
{[%clk 00:05:15]} {[%emt 00:01:36]} 34. Bc5 {[%clk 00:04:50]} {[%emt 00:01:08]}
Rdd8 {[%clk 00:05:08]} {[%emt 00:00:37]} 35. Bc6 {[%clk 00:03:24]} {[%emt
00:01:55]} Bd5+ {[%clk 00:03:18]} {[%emt 00:02:21]} 36. Bxd5 {[%clk 00:03:50]}
{[%emt 00:00:04]} Qxd5+ {[%clk 00:03:46]} {[%emt 00:00:02]} 37. Kg1 {[%clk
00:04:09]} {[%emt 00:00:10]} Rc8 {[%clk 00:03:27]} {[%emt 00:00:50]} 38. Ba7
{[%clk 00:04:01]} {[%emt 00:00:38]} a3 {[%clk 00:03:43]} {[%emt 00:00:14]} 0-1

[Event "Deutsche Ländermeisterschaft 2023"]
[Site "Hannover GER"]
[Date "2023.10.05"]
[Round "7"]
[White "Nechitaylo, Nikita"]
[Black "Sommer, Justus"]
[Result "1/2-1/2"]
[Termination "normal"]
[Board "3.4"]
[WhiteElo "2139"]
[BlackElo "2041"]
[WhiteClock "00:08:41"]
[BlackClock "00:07:38"]
[WhiteTeam "Niedersachsen"]
[BlackTeam "Schleswig-Holstein"]
[PlyCount "138"]
[WhiteFideId "34138161"]
[BlackFideId "16245008"]
[EventCountry "GER"]
[EventRounds "7"]
[EventType "team-swiss"]
[EventDate "2023.09.30"]

1. d4 {[%clk 01:30:58]} {[%emt 00:00:01]} Nf6 {[%clk 01:30:45]} {[%emt
00:00:13]} 2. c4 {[%clk 01:31:18]} {[%emt 00:00:12]} e6 {[%clk 01:31:02]}
{[%emt 00:00:09]} 3. Nc3 {[%clk 01:31:43]} {[%emt 00:00:10]} d5 {[%clk
01:31:19]} {[%emt 00:00:12]} 4. cxd5 {[%clk 01:32:08]} {[%emt 00:00:06]} exd5
{[%clk 01:31:43]} {[%emt 00:00:06]} 5. Bg5 {[%clk 01:32:33]} {[%emt 00:00:05]}
c6 {[%clk 01:31:42]} {[%emt 00:00:31]} 6. e3 {[%emt 00:01:01]} Be7 {[%emt
00:00:10]} 7. Bd3 {[%emt 00:00:16]} O-O {[%clk 01:32:04]} {[%emt 00:00:05]} 8.
Qc2 {[%emt 00:00:23]} Nbd7 {[%clk 01:32:13]} {[%emt 00:00:02]} 9. Nf3 {[%clk
01:33:03]} {[%emt 00:00:40]} Re8 10. O-O {[%clk 01:32:13]} {[%emt 00:01:55]}
Nf8 11. Rab1 {[%emt 00:02:30]} a5 {[%emt 00:00:08]} 12. a3 {[%clk 01:32:31]}
{[%emt 00:00:11]} Ng6 {[%clk 01:29:02]} {[%emt 00:02:20]} 13. b4 {[%clk
01:32:07]} {[%emt 00:00:56]} Bd6 {[%clk 01:24:41]} {[%emt 00:04:49]} 14. Rfe1
{[%clk 01:02:39]} {[%emt 00:29:58]} Bg4 {[%clk 01:11:25]} {[%emt 00:13:45]} 15.
Nd2 {[%clk 01:02:50]} {[%emt 00:00:19]} h6 {[%clk 01:05:13]} {[%emt 00:06:42]}
16. Bxf6 {[%clk 01:02:52]} {[%emt 00:00:28]} Qxf6 {[%clk 01:05:12]} {[%emt
00:00:29]} 17. bxa5 {[%clk 01:02:26]} {[%emt 00:00:59]} Rxa5 {[%clk 00:53:52]}
{[%emt 00:11:49]} 18. Rxb7 {[%clk 01:01:39]} {[%emt 00:01:18]} Rxa3 {[%emt
00:11:35]} 19. Ne2 {[%clk 00:50:56]} {[%emt 00:06:45]} Bxe2 20. Bxe2 {[%emt
00:15:20]} Rea8 {[%emt 00:12:45]} 21. g3 {[%clk 00:39:01]} {[%emt 00:00:17]}
Ra2 {[%clk 00:22:16]} {[%emt 00:11:00]} 22. Qd3 {[%clk 00:35:41]} {[%emt
00:03:51]} R8a3 {[%clk 00:19:32]} {[%emt 00:03:13]} 23. Nb3 {[%clk 00:34:46]}
{[%emt 00:01:26]} Ne7 {[%clk 00:16:34]} {[%emt 00:03:28]} 24. Rb1 {[%clk
00:28:44]} {[%emt 00:06:29]} g6 {[%clk 00:15:46]} {[%emt 00:01:21]} 25. Qd1
{[%clk 00:26:25]} {[%emt 00:02:47]} Ra7 {[%clk 00:13:09]} {[%emt 00:03:08]} 26.
Rxa7 {[%clk 00:22:13]} {[%emt 00:04:43]} Rxa7 {[%clk 00:13:33]} {[%emt
00:00:05]} 27. Qc2 {[%clk 00:21:23]} {[%emt 00:01:20]} Qe6 {[%clk 00:12:02]}
{[%emt 00:02:00]} 28. Nc5 {[%clk 00:19:03]} {[%emt 00:02:51]} Bxc5 {[%clk
00:10:02]} {[%emt 00:02:32]} 29. Qxc5 {[%clk 00:18:54]} {[%emt 00:00:39]} Qd7
{[%clk 00:09:26]} {[%emt 00:01:05]} 30. Rb8+ {[%clk 00:09:49]} {[%emt
00:09:36]} Kg7 {[%clk 00:09:46]} {[%emt 00:00:10]} 31. Kg2 {[%clk 00:09:59]}
{[%emt 00:00:20]} h5 {[%clk 00:09:18]} {[%emt 00:00:58]} 32. h4 {[%clk
00:10:12]} {[%emt 00:00:18]} Rb7 {[%clk 00:08:44]} {[%emt 00:01:02]} 33. Ra8
{[%clk 00:09:15]} {[%emt 00:01:28]} Kh7 {[%clk 00:07:04]} {[%emt 00:02:09]} 34.
Rf8 {[%clk 00:06:26]} {[%emt 00:03:19]} Kg7 {[%clk 00:07:23]} {[%emt 00:00:11]}
35. Ra8 {[%clk 00:06:54]} {[%emt 00:00:03]} Kh7 {[%clk 00:07:47]} {[%emt
00:00:06]} 36. Ba6 {[%clk 00:06:19]} {[%emt 00:01:06]} Rc7 {[%clk 00:07:49]}
{[%emt 00:00:27]} 37. Be2 {[%clk 00:06:20]} {[%emt 00:00:28]} Rb7 {[%clk
00:08:13]} {[%emt 00:00:05]} 38. Ba6 {[%clk 00:06:46]} {[%emt 00:00:05]} Rc7
{[%clk 00:08:20]} {[%emt 00:00:22]} 39. Bd3 {[%clk 00:06:36]} {[%emt 00:00:40]}
Rb7 {[%clk 00:07:55]} {[%emt 00:00:55]} 40. Bc2 {[%clk 00:05:30]} {[%emt
00:01:34]} Kg7 {[%clk 00:07:47]} {[%emt 00:00:39]} 41. Ba4 {[%clk 00:01:16]}
{[%emt 00:04:45]} Kh7 {[%clk 00:01:54]} {[%emt 00:06:23]} 42. Qa5 {[%clk
00:26:19]} {[%emt 00:05:26]} Qc7 {[%clk 00:29:37]} {[%emt 00:02:48]} 43. Qxc7
{[%clk 00:25:39]} {[%emt 00:01:10]} Rxc7 {[%clk 00:30:02]} {[%emt 00:00:05]}
44. Ra5 {[%clk 00:26:00]} {[%emt 00:00:09]} Kg7 {[%clk 00:22:54]} {[%emt
00:07:38]} 45. Kf3 {[%clk 00:23:56]} {[%emt 00:02:35]} Rd7 {[%clk 00:20:21]}
{[%emt 00:03:02]} 46. Ke2 {[%clk 00:22:52]} {[%emt 00:01:33]} Kf6 {[%clk
00:19:37]} {[%emt 00:01:15]} 47. f3 {[%clk 00:20:53]} {[%emt 00:02:29]} Ke6
{[%clk 00:18:56]} {[%emt 00:01:10]} 48. g4 {[%clk 00:20:44]} {[%emt 00:00:41]}
Rd8 {[%clk 00:14:29]} {[%emt 00:04:54]} 49. Ra7 {[%clk 00:20:21]} {[%emt
00:00:55]} hxg4 {[%clk 00:12:36]} {[%emt 00:02:23]} 50. fxg4 {[%clk 00:14:01]}
{[%emt 00:06:50]} Rh8 {[%clk 00:12:31]} {[%emt 00:00:34]} 51. Ra6 {[%clk
00:14:03]} {[%emt 00:00:29]} Kd6 {[%clk 00:12:41]} {[%emt 00:00:19]} 52. h5
{[%clk 00:13:49]} {[%emt 00:00:45]} gxh5 {[%clk 00:12:59]} {[%emt 00:00:12]}
53. gxh5 {[%clk 00:14:16]} {[%emt 00:00:03]} Rxh5 {[%clk 00:13:19]} {[%emt
00:00:09]} 54. Ra8 {[%clk 00:13:19]} {[%emt 00:01:25]} Rh2+ {[%clk 00:11:36]}
{[%emt 00:02:16]} 55. Kf3 {[%clk 00:13:41]} {[%emt 00:00:08]} Rh1 {[%clk
00:11:23]} {[%emt 00:00:44]} 56. Rd8+ {[%clk 00:13:43]} {[%emt 00:00:27]} Ke6
{[%clk 00:11:35]} {[%emt 00:00:17]} 57. Re8 {[%clk 00:13:41]} {[%emt 00:00:31]}
Rc1 {[%clk 00:11:28]} {[%emt 00:00:38]} 58. e4 {[%clk 00:11:35]} {[%emt
00:02:34]} dxe4+ {[%clk 00:10:57]} {[%emt 00:01:04]} 59. Kxe4 {[%clk 00:11:28]}
{[%emt 00:00:37]} Re1+ {[%clk 00:11:00]} {[%emt 00:00:26]} 60. Kd3 {[%clk
00:11:25]} {[%emt 00:00:29]} Kd7 {[%clk 00:10:06]} {[%emt 00:01:27]} 61. Rf8
{[%clk 00:10:58]} {[%emt 00:00:56]} Rf1 {[%clk 00:09:10]} {[%emt 00:01:27]} 62.
Ke2 {[%clk 00:09:36]} {[%emt 00:01:50]} Rf4 {[%clk 00:09:12]} {[%emt 00:00:31]}
63. Bb3 {[%clk 00:09:06]} {[%emt 00:00:59]} Nd5 {[%clk 00:06:32]} {[%emt
00:03:11]} 64. Bxd5 {[%clk 00:07:14]} {[%emt 00:02:23]} cxd5 {[%clk 00:06:55]}
{[%emt 00:00:06]} 65. Ke3 {[%clk 00:07:35]} {[%emt 00:00:08]} Re4+ {[%clk
00:06:56]} {[%emt 00:00:31]} 66. Kd3 {[%clk 00:07:55]} {[%emt 00:00:10]} Ke7
{[%clk 00:07:09]} {[%emt 00:00:16]} 67. Ra8 {[%clk 00:08:17]} {[%emt 00:00:09]}
Re6 {[%clk 00:07:07]} {[%emt 00:00:30]} 68. Ra7+ {[%clk 00:08:18]} {[%emt
00:00:31]} Kf6 {[%clk 00:07:30]} {[%emt 00:00:06]} 69. Rd7 {[%clk 00:08:41]}
{[%emt 00:00:09]} Re1 {[%clk 00:07:38]} {[%emt 00:00:20]} 1/2-1/2